Films étrangers au Canada français / Québec - Statistiques

Statistiques générales
  • Ce quiz a été pris 59 fois
  • Le résultat moyen est 5 sur 20
Statistiques - réponses
Titre canadien Pays d'origine Années de sortie Titre original et français % Correct
Chauffeur de taxi États-Unis d'Amérique 1976 Taxi Driver
77%
L'Artiste France 2011 The Artist
77%
C'est l'apocalypse États-Unis d'Amérique 1979 Apocalypse Now
64%
Au revoir, Lénine ! Allemagne 2003 Good Bye Lenin!
62%
Carte verte Australie 1990 Green card
51%
La Fille à un million de dollars États-Unis d'Amérique 2004 Million Dollar Baby
38%
La Filière française États-Unis d'Amérique 1971 (The) French Connection
23%
Bolides hurlants Australie 1979 Mad Max
19%
Non, ce pays n'est pas pour le vieil homme États-Unis d'Amérique 2007 No Country for Old Men
17%
Cœur vaillant États-Unis d'Amérique 1995 Braveheart
15%
Inspire Royaume-Uni 2017 Breathe
13%
Le Son de la liberté États-Unis d'Amérique 2023 Sound of Freedom
13%
La Piscine France 2003 Swimming Pool
9%
L'Œil de feu Royaume-Uni 1995 GoldenEye
8%
Le Cavalier solitaire États-Unis d'Amérique 1985 Pale Rider (V.O.) / Pale Rider : le cavalier solitaire (V.F.)
6%
Les Pionniers de l'espace États-Unis d'Amérique 2000 Space Cowboys
6%
La Falaise de la mort États-Unis d'Amérique 1993 Cliffhanger (V.O.) / Cliffhanger : traque au sommet (V.F.)
2%
L'Amant diabolique France 2002 Demonlover
2%
Le Bon côté des choses États-Unis d'Amérique 2012 Happiness Therapy (V.F.) / Silver Linings Playbook (V.O.)
2%
Le destructeur États-Unis d'Amérique 1993 Demolition Man
0%
Aucun quiz correspondant
Distribution des résultats
% des personnes avec chaque résultat
Percentile par nombre de réponses
Votre historique - résultats
Vous n’avez pas pris ce quiz